Patologias - Statistics

Estatísticas Gerais
  • Esse quiz foi jogado 16 vezes
  • A pontuação média é 21 de 35
Estatísticas das Respostas
Questão Resposta % Correto
Gripe (Influenza) Virose
100%
HIV / AIDS Virose
86%
Zika Virose
86%
Teníase Verminose
79%
Dengue Virose
79%
Tétano Bacteriose
71%
Chikungunya Virose
71%
Hepatite (A, B e C) Virose
71%
Sarampo Virose
71%
Leptospirose Bacteriose
64%
Hanenísase (Lepra) Bacteriose
64%
Botulismo Bacteriose
64%
Sífilis Bacteriose
64%
Tuberculose Bacteriose
64%
Gonorreia Bacteriose
64%
Doença de Chagas Protozoose
64%
Ancilostomose (Amarelão) Verminose
64%
Febre Amarela Virose
64%
Poliomelite Virose
64%
Meningite Bacteriose
57%
Amebíase Protozoose
57%
Leishmaniose Protozoose
57%
Tricuríase Verminose
57%
Esquistossomose Verminose
57%
Cólera Bacteriose
50%
Ascaridíase Verminose
50%
Balantidíase Protozoose
43%
Giardíase Protozoose
43%
Malária Protozoose
43%
Tricomoníase Protozoose
43%
Cisticercose Verminose
43%
Enterobíase (Oxiuríase) Verminose
43%
Doença do Sono Protozoose
36%
Toxoplasmose Protozoose
36%
Filariose (Elefantíase) Verminose
36%
Nenhum quiz correspondente encontrado
Distribuição das Pontuações
Porcentagem de Pessoas com Cada Pontuação
Percentil de Números Respondidos
Sua Pontuação Histórica
Você não jogou esse quiz